[Event "OP-2023-0-05395"]
[Site "LSS email"]
[Date "2023.04.07"]
[Round "?"]
[White "Hall, Dick"]
[Black "Schleef, Harald"]
[Result "1/2-1/2"]
[WhiteElo "1866"]
[BlackElo "2109"]
[PlyCount "81"]
[EventDate "2023.04.02"]
[EventType "tourn (corr)"]
[EventRounds "4"]
[EventCountry "GER"]
[SourceTitle "Corr 2024"]
[Source "ChessBase"]
[SourceDate "2023.10.19"]
[SourceVersion "1"]
[SourceVersionDate "2023.10.19"]
[SourceQuality "1"]

1. e4 c5 2. Nf3 Nc6 3. d4 cxd4 4. Nxd4 g6 5. c4 Nf6 6. Nc3 d6 7. Be2 Bg7 8. Be3 0-0 9. 0-0 Nxd4 10. Bxd4 Be6 11. f4 a6 12. Rc1 Rc8 13. b3 b5 14. cxb5 axb5 15. Bxb5 Nxe4 16. Bxg7 Kxg7 17. Qd4+ Nf6 18. b4 Rc7 19. a4 Qa8 20. a5 Rfc8 21. Bd3 Bf5 22. Bxf5 gxf5 23. h3 Rc4 24. Qe3 Rxb4 25. Qxe7 Re8 26. Qxd6 Rb2 27. Rf3 Re3 28. Qd1 h6 29. Kh1 Rxf3 30. Qxf3 Qxa5 31. Qg3+ Kh7 32. Qd3 Qc5 33. Rf1 Rb7 34. Ne2 Rd7 35. Qc3 Qxc3 36. Nxc3 Nh5 37. Rf3 Rd4 38. Ne2 Re4 39. Ng3 Nxg3+ 40. Rxg3 Rxf4 41. Kg1 1/2-1/2

[Event "RB-2022-0-00418"]
[Site "LSS email"]
[Date "2022.12.02"]
[Round "?"]
[White "Ilyin, Igor"]
[Black "Hall, Dick"]
[Result "1/2-1/2"]
[WhiteElo "1839"]
[BlackElo "1882"]
[PlyCount "87"]
[EventDate "2022.03.19"]
[EventType "tourn (corr)"]
[EventRounds "6"]
[EventCountry "GER"]
[SourceTitle "Corr 2024"]
[Source "ChessBase"]
[SourceDate "2023.10.19"]
[SourceVersion "1"]
[SourceVersionDate "2023.10.19"]
[SourceQuality "1"]

1. e4 a6 2. Nf3 h6 3. d4 e6 4. Bd3 d6 5. 0-0 Nd7 6. Re1 Ne7 7. Nc3 g6 8. Be3 b6 9. Qd2 Bb7 10. Rad1 Bg7 11. h3 c5 12. d5 e5 13. Ne2 b5 14. b3 Qc7 15. c3 Ng8 16. Ng3 Ngf6 17. Rb1 h5 18. Qc2 Bc8 19. Rb2 0-0 20. a3 Nb6 21. Reb1 Bd7 22. c4 Rfb8 23. Bd2 Qc8 24. Ne2 Qc7 25. Nc3 b4 26. Ne2 a5 27. Ra2 Nh7 28. Ng3 Qd8 29. Be3 Qf8 30. Qc1 Qd8 31. Qc2 Be8 32. Bd2 Nd7 33. Qd1 Bf6 34. Nf1 Be7 35. Rba1 Ndf6 36. Be3 Bd7 37. Ne1 h4 38. Nh2 Nh5 39. Nhf3 Ng7 40. Bd2 f5 41. Qc2 Qc8 42. Qb1 f4 43. Be2 g5 44. Nh2 1/2-1/2

[Event "ZI-2022-0-02740"]
[Site "LSS email"]
[Date "2022.11.28"]
[Round "?"]
[White "Hall, Dick"]
[Black "Olsson, Arne"]
[Result "1/2-1/2"]
[WhiteElo "1873"]
[BlackElo "1842"]
[PlyCount "69"]
[EventDate "2022.10.14"]
[EventType "match (corr)"]
[EventRounds "2"]
[EventCountry "GER"]
[SourceTitle "Corr 2024"]
[Source "ChessBase"]
[SourceDate "2023.10.19"]
[SourceVersion "1"]
[SourceVersionDate "2023.10.19"]
[SourceQuality "1"]

1. e4 c5 2. Nf3 d6 3. d4 cxd4 4. Nxd4 Nf6 5. Nc3 a6 6. Be3 e5 7. Nb3 Be6 8. f3 Be7 9. Qd2 0-0 10. 0-0-0 Nbd7 11. g4 b5 12. g5 Nh5 13. Kb1 Nb6 14. Na5 Rc8 15. Nd5 Nxd5 16. exd5 Bxd5 17. Qxd5 Qxa5 18. Bd3 g6 19. Be4 Kg7 20. Rhg1 Nf4 21. Bxf4 exf4 22. Qd4+ f6 23. h4 Rc4 24. Qf2 Rc5 25. Bd5 b4 26. Qe2 Rc7 27. gxf6+ Bxf6 28. h5 Qc5 29. Qd3 g5 30. Rge1 Be5 31. h6+ Kh8 32. Re4 a5 33. Rc4 Qb6 34. Rxc7 Qxc7 35. Qa6 1/2-1/2

[Event "ZI-2022-0-02740"]
[Site "LSS email"]
[Date "2022.11.28"]
[Round "?"]
[White "Olsson, Arne"]
[Black "Hall, Dick"]
[Result "1/2-1/2"]
[WhiteElo "1842"]
[BlackElo "1873"]
[PlyCount "71"]
[EventDate "2022.10.14"]
[EventType "match (corr)"]
[EventRounds "2"]
[EventCountry "GER"]
[SourceTitle "Corr 2024"]
[Source "ChessBase"]
[SourceDate "2023.10.19"]
[SourceVersion "1"]
[SourceVersionDate "2023.10.19"]
[SourceQuality "1"]

1. d4 Nc6 2. d5 Ne5 3. e4 e6 4. f4 Ng6 5. dxe6 dxe6 6. Qxd8+ Kxd8 7. Nf3 Bc5 8. Bd2 Bd7 9. Bd3 f6 10. Nc3 e5 11. f5 N6e7 12. g4 Nc8 13. g5 Nd6 14. 0-0-0 Ne7 15. h4 b5 16. h5 h6 17. gxf6 gxf6 18. Nh4 Rh7 19. Rde1 Bc6 20. Nd1 Ke8 21. Ng6 Rd8 22. Be3 Bxe3+ 23. Nxe3 Nf7 24. Ng4 Ng8 25. Rh3 a6 26. c3 Bb7 27. a4 Ng5 28. Rg3 c6 29. axb5 axb5 30. b4 Rc7 31. Rd1 Ra8 32. Nf2 Ra2 33. Rd2 Rxd2 34. Kxd2 Ne7 35. Ng4 Ng8 36. Nf2 1/2-1/2

[Event "OP-2022-0-05358"]
[Site "LSS email"]
[Date "2022.11.26"]
[Round "?"]
[White "Olsson, Arne"]
[Black "Hall, Dick"]
[Result "1-0"]
[WhiteElo "1820"]
[BlackElo "1882"]
[PlyCount "84"]
[EventDate "2022.11.18"]
[EventType "tourn (corr)"]
[EventRounds "4"]
[EventCountry "GER"]
[SourceTitle "Corr 2024"]
[Source "ChessBase"]
[SourceDate "2023.10.19"]
[SourceVersion "1"]
[SourceVersionDate "2023.10.19"]
[SourceQuality "1"]

1. d4 d5 2. c4 dxc4 3. e4 b5 4. a4 c6 5. axb5 cxb5 6. Nc3 a6 7. Nxb5 axb5 8. Rxa8 Bb7 9. Ra1 e6 10. Ne2 Bxe4 11. Nc3 Bb4 12. Be2 Nf6 13. 0-0 0-0 14. Nxb5 Qd5 15. f3 Qxb5 16. fxe4 Nxe4 17. Kh1 Qd5 18. Bf3 f5 19. Bxe4 Qxe4 20. Bd2 Nc6 21. Bc3 Be7 22. Re1 Qd5 23. Qe2 Kf7 24. Ra4 Rd8 25. Rxc4 Ra8 26. Rc1 Kg6 27. b4 Ra4 28. h3 h6 29. Re1 Nd8 30. Rc8 Ra2 31. Qf3 Qxf3 32. gxf3 Bh4 33. Rg1+ Kh5 34. Rxg7 Rf2 35. Be1 Rf1+ 36. Rg1 Rxg1+ 37. Kxg1 Bxe1 38. Rxd8 Bxb4 39. Re8 Bc3 40. Rxe6 Bxd4+ 41. Kg2 Kg5 42. f4+ Kxf4 1-0

[Event "RB-2022-0-00418"]
[Site "LSS email"]
[Date "2022.11.25"]
[Round "?"]
[White "Hall, Dick"]
[Black "Matugin, Sergei"]
[Result "1/2-1/2"]
[WhiteElo "1882"]
[BlackElo "1921"]
[PlyCount "76"]
[EventDate "2022.03.19"]
[EventType "tourn (corr)"]
[EventRounds "6"]
[EventCountry "GER"]
[SourceTitle "Corr 2024"]
[Source "ChessBase"]
[SourceDate "2023.10.19"]
[SourceVersion "1"]
[SourceVersionDate "2023.10.19"]
[SourceQuality "1"]

1. e4 e5 2. Nf3 Nc6 3. Bb5 Nf6 4. 0-0 Nxe4 5. d4 Nd6 6. Bxc6 dxc6 7. dxe5 Nf5 8. Qxd8+ Kxd8 9. Rd1+ Ke8 10. Nc3 Ne7 11. h3 Ng6 12. Be3 Be7 13. Rd2 f6 14. exf6 gxf6 15. Ne4 Kf7 16. Bc5 Bxc5 17. Nxc5 Re8 18. Rad1 b6 19. Na4 Bb7 20. Nc3 Re7 21. Kh2 Rae8 22. Nd4 Rd7 23. Nde2 Rxd2 24. Rxd2 Bc8 25. b4 a6 26. Rd4 Be6 27. g4 Rg8 28. Nf4 Nxf4 29. Rxf4 Kg6 30. a3 f5 31. Ne2 fxg4 32. Nd4 g3+ 33. fxg3 Bd7 34. Re4 Kf6 35. g4 Re8 36. Rf4+ Kg6 37. Kg3 Re3+ 38. Rf3 Re4 1/2-1/2

[Event "RB-2022-0-00418"]
[Site "LSS email"]
[Date "2022.11.25"]
[Round "?"]
[White "Hall, Dick"]
[Black "Olsson, Arne"]
[Result "1/2-1/2"]
[WhiteElo "1882"]
[BlackElo "1812"]
[PlyCount "42"]
[EventDate "2022.03.19"]
[EventType "tourn (corr)"]
[EventRounds "6"]
[EventCountry "GER"]
[SourceTitle "Corr 2024"]
[Source "ChessBase"]
[SourceDate "2023.10.19"]
[SourceVersion "1"]
[SourceVersionDate "2023.10.19"]
[SourceQuality "1"]

1. d4 Nf6 2. c4 g6 3. Nc3 Bg7 4. e4 d6 5. Nf3 0-0 6. Be2 c5 7. 0-0 Bg4 8. d5 e6 9. dxe6 fxe6 10. e5 dxe5 11. h3 Qxd1 12. Rxd1 Bxf3 13. Bxf3 e4 14. Nxe4 Nxe4 15. Bxe4 Nc6 16. Be3 Nd4 17. Rd2 Rf7 18. g3 Rd8 19. Rad1 b6 20. b3 Ne2+ 21. Kg2 Rxd2 1/2-1/2

[Event "OP-2022-0-05327"]
[Site "LSS email"]
[Date "2022.09.09"]
[Round "?"]
[White "Cleto Junior, Dirceu"]
[Black "Hall, Dick"]
[Result "0-1"]
[WhiteElo "1857"]
[BlackElo "1839"]
[PlyCount "36"]
[EventDate "2022.09.06"]
[EventType "tourn (corr)"]
[EventRounds "4"]
[EventCountry "GER"]
[SourceTitle "Corr 2024"]
[Source "ChessBase"]
[SourceDate "2023.10.19"]
[SourceVersion "1"]
[SourceVersionDate "2023.10.19"]
[SourceQuality "1"]

1. e4 c6 2. d4 d5 3. e5 Bf5 4. h4 h5 5. Bd3 Bxd3 6. Qxd3 e6 7. Bg5 Qb6 8. Nd2 c5 9. c4 Qxb2 10. Rd1 Nc6 11. cxd5 Qxd4 12. Qb5 Qb4 13. Qxb4 Nxb4 14. dxe6 fxe6 15. Ne4 Nd5 16. Ne2 b6 17. Nd6+ Bxd6 18. exd6 Kd7 0-1

[Event "ZI-2022-0-02728"]
[Site "LSS email"]
[Date "2022.09.05"]
[Round "?"]
[White "Hall, Dick"]
[Black "Vasseur, Olivier"]
[Result "1/2-1/2"]
[WhiteElo "1839"]
[BlackElo "1741"]
[PlyCount "91"]
[EventDate "2022.08.10"]
[EventType "match (corr)"]
[EventRounds "2"]
[EventCountry "GER"]
[SourceTitle "Corr 2024"]
[Source "ChessBase"]
[SourceDate "2023.10.19"]
[SourceVersion "1"]
[SourceVersionDate "2023.10.19"]
[SourceQuality "1"]

1. e4 c5 2. Nf3 d6 3. d4 cxd4 4. Nxd4 Nf6 5. Nc3 a6 6. Be3 e5 7. Nb3 Be6 8. f3 Be7 9. Qd2 0-0 10. 0-0-0 Nbd7 11. g4 b5 12. g5 Nh5 13. Kb1 Nb6 14. Na5 Rc8 15. a3 g6 16. h4 Ng3 17. Rh2 Nxf1 18. Rxf1 Na4 19. Nxa4 bxa4 20. Rd1 h5 21. gxh6 Kh7 22. f4 Rg8 23. h5 exf4 24. hxg6+ Rxg6 25. Bxf4 Qb6 26. Qb4 Rg1 27. Rh1 Rxh1 28. Rxh1 Qf2 29. Qd2 Qf3 30. Re1 Rg8 31. Qe3 Qxe3 32. Bxe3 Rg4 33. Bc1 Bh4 34. Rd1 Rxe4 35. Nb7 Bg3 36. Nxd6 Re2 37. Ne8 Be5 38. Ng7 Bxg7 39. hxg7 Kxg7 40. Rd2 Rxd2 41. Bxd2 Kg6 42. Kc1 Kf5 43. Be3 Ke4 44. Kd2 f5 45. Ke2 Bc4+ 46. Kf2 1/2-1/2

[Event "ZI-2022-0-02728"]
[Site "LSS email"]
[Date "2022.09.05"]
[Round "?"]
[White "Vasseur, Olivier"]
[Black "Hall, Dick"]
[Result "0-1"]
[WhiteElo "1741"]
[BlackElo "1839"]
[PlyCount "102"]
[EventDate "2022.08.10"]
[EventType "match (corr)"]
[EventRounds "2"]
[EventCountry "GER"]
[SourceTitle "Corr 2024"]
[Source "ChessBase"]
[SourceDate "2023.10.19"]
[SourceVersion "1"]
[SourceVersionDate "2023.10.19"]
[SourceQuality "1"]

1. e4 d5 2. exd5 Qxd5 3. Nc3 Qa5 4. d4 Nf6 5. Nf3 c6 6. Ne5 Bf5 7. Bc4 e6 8. g4 Bg6 9. h4 Nbd7 10. Nxd7 Nxd7 11. h5 Be4 12. 0-0 Bd5 13. Nxd5 cxd5 14. Bd3 Bd6 15. Qf3 0-0-0 16. Be3 Kb8 17. b4 Qc7 18. b5 g6 19. a4 gxh5 20. g5 f5 21. a5 f4 22. b6 axb6 23. Bd2 Rhg8 24. g6 e5 25. Qxd5 e4 26. Bxe4 Nf6 27. axb6 Qxb6 28. Qa5 Qxa5 29. Bxa5 Nxe4 30. Bxd8 Rxd8 31. gxh7 Rh8 32. Rfe1 Ng5 33. Kh1 Rxh7 34. c4 Nf3 35. Re8+ Kc7 36. c5 Be7 37. Rd1 Rg7 38. Rh8 Kc6 39. Rxh5 Bf6 40. d5+ Kxc5 41. d6+ Kc6 42. Rh6 Bd8 43. Rh8 Kd7 44. Rb1 b6 45. Rf8 Rg4 46. Ra1 Bh4 47. Rd1 Ng5 48. Rg8 Ne4 49. Rxg4 Nxf2+ 50. Kg2 Nxg4 51. Kf3 Ne3 0-1

[Event "SB-2022-0-00638"]
[Site "LSS email"]
[Date "2022.08.31"]
[Round "?"]
[White "Schubert, Steffen"]
[Black "Hall, Dick"]
[Result "1/2-1/2"]
[WhiteElo "1974"]
[BlackElo "1835"]
[PlyCount "37"]
[EventDate "2022.05.13"]
[EventType "tourn (corr)"]
[EventRounds "6"]
[EventCountry "GER"]
[SourceTitle "Corr 2024"]
[Source "ChessBase"]
[SourceDate "2023.10.19"]
[SourceVersion "1"]
[SourceVersionDate "2023.10.19"]
[SourceQuality "1"]

1. e4 c5 2. Nf3 d6 3. d4 cxd4 4. Nxd4 Nc6 5. c4 g6 6. Nc3 Nf6 7. f3 Bg7 8. Be3 0-0 9. Be2 Nd7 10. Qd2 Bxd4 11. Bxd4 Nxd4 12. Qxd4 Qb6 13. Qd2 Nf6 14. g4 Be6 15. h4 h5 16. 0-0-0 hxg4 17. fxg4 Qa5 18. g5 Nd7 19. Kb1 1/2-1/2

[Event "OP-2022-0-05296"]
[Site "LSS email"]
[Date "2022.06.06"]
[Round "?"]
[White "Cerne, Peter"]
[Black "Hall, Dick"]
[Result "1/2-1/2"]
[WhiteElo "1587"]
[BlackElo "1794"]
[PlyCount "113"]
[EventDate "2022.06.01"]
[EventType "tourn (corr)"]
[EventRounds "4"]
[EventCountry "GER"]
[SourceTitle "Corr 2024"]
[Source "ChessBase"]
[SourceDate "2023.10.19"]
[SourceVersion "1"]
[SourceVersionDate "2023.10.19"]
[SourceQuality "1"]

1. e4 e5 2. Nf3 d5 3. Nxe5 Bd6 4. d4 dxe4 5. Bc4 Bxe5 6. Qh5 Qe7 7. Qxe5 Qxe5 8. dxe5 Nc6 9. Nc3 Bf5 10. Bf4 Rd8 11. Nd5 Rd7 12. 0-0-0 Be6 13. Bb3 Na5 14. Nc3 Nxb3+ 15. axb3 Ne7 16. Nxe4 Ng6 17. Bd2 b6 18. Rhe1 0-0 19. f3 Rfd8 20. Nc3 h6 21. h3 Rd4 22. Re2 Kh7 23. g4 Bd5 24. Rf1 Bb7 25. Rff2 Nh4 26. f4 Nf3 27. Be3 R4d7 28. Kb1 c5 29. Bc1 Nd4 30. Re3 Re7 31. Bd2 Red7 32. Be1 Re8 33. Bd2 Red8 34. Be1 Re8 35. Rd2 f5 36. b4 g5 37. Ne2 Rde7 38. Bg3 Nxe2 39. Rexe2 gxf4 40. Bxf4 fxg4 41. hxg4 Rf7 42. Rf2 cxb4 43. Rd4 Rg8 44. e6 Re7 45. Bd2 Bc8 46. Rh2 Rxe6 47. g5 Rc6 48. Rxb4 Bf5 49. Ka2 Bxc2 50. Rd4 Bf5 51. Ka3 Rgg6 52. Rd5 Be6 53. Rd8 Rc8 54. Rd6 Rc5 55. Rxh6+ Rxh6 56. gxh6 Re5 57. Rc6 1/2-1/2

[Event "ZI-2022-0-02722"]
[Site "LSS email"]
[Date "2022.05.30"]
[Round "?"]
[White "Bokros, Janos"]
[Black "Hall, Dick"]
[Result "0-1"]
[WhiteElo "1619"]
[BlackElo "1785"]
[PlyCount "100"]
[EventDate "2022.05.15"]
[EventType "match (corr)"]
[EventRounds "2"]
[EventCountry "GER"]
[SourceTitle "Corr 2024"]
[Source "ChessBase"]
[SourceDate "2023.10.19"]
[SourceVersion "1"]
[SourceVersionDate "2023.10.19"]
[SourceQuality "1"]

1. e4 e5 2. Nf3 Nc6 3. d4 exd4 4. Nxd4 Nf6 5. Nxc6 bxc6 6. Bd3 d5 7. exd5 cxd5 8. 0-0 Be7 9. c4 d4 10. Bf4 0-0 11. Nd2 Bb7 12. Re1 c5 13. Nb3 Bd6 14. Bxd6 Qxd6 15. Na5 Rab8 16. Nxb7 Rxb7 17. Rb1 g6 18. h3 a5 19. Qc2 Kg7 20. b3 Rbb8 21. Qd2 Ra8 22. a3 Rfb8 23. Kh1 h5 24. Kg1 h4 25. Be4 Ra6 26. Bc2 Rab6 27. Qg5 Rh8 28. a4 Rbb8 29. Bd3 Rh5 30. Qd2 Qc7 31. Re2 Rhh8 32. Bc2 Rhd8 33. Kh1 Qd6 34. Bd3 Rb6 35. Qg5 Rdb8 36. Reb2 Rh8 37. Re2 Rhb8 38. Reb2 Re8 39. Qxh4 Qb8 40. Qg5 Rbe6 41. Rf1 Re1 42. Kg1 Rxf1+ 43. Bxf1 Re1 44. Qd2 Qe5 45. Rc2 Rb1 46. Rc1 Rxb3 47. Re1 Qc7 48. Bd3 Qb6 49. Bf1 Qb4 50. Qd1 Qxa4 0-1

[Event "ZI-2022-0-02722"]
[Site "LSS email"]
[Date "2022.05.30"]
[Round "?"]
[White "Hall, Dick"]
[Black "Bokros, Janos"]
[Result "0-1"]
[WhiteElo "1785"]
[BlackElo "1619"]
[PlyCount "74"]
[EventDate "2022.05.15"]
[EventType "match (corr)"]
[EventRounds "2"]
[EventCountry "GER"]
[SourceTitle "Corr 2024"]
[Source "ChessBase"]
[SourceDate "2023.10.19"]
[SourceVersion "1"]
[SourceVersionDate "2023.10.19"]
[SourceQuality "1"]

1. d4 d5 2. c4 e6 3. Nc3 Nf6 4. Nf3 Be7 5. Bg5 0-0 6. e3 h6 7. Bh4 b6 8. Be2 Bb7 9. Bxf6 Bxf6 10. cxd5 exd5 11. b4 Qd6 12. Rb1 Nc6 13. Qb3 Nd8 14. b5 Ne6 15. 0-0 Rfd8 16. Rfc1 a6 17. a4 a5 18. h4 g6 19. Rb2 Re8 20. Rbc2 Qb4 21. Qa2 Qd6 22. h5 gxh5 23. Ne1 h4 24. Bg4 Re7 25. Nd3 Kh8 26. Ne2 Rg8 27. Ne5 Bxe5 28. dxe5 Qxe5 29. Bxe6 fxe6 30. Qb2 d4 31. Qxd4 Rxg2+ 32. Kf1 Qxd4 33. Nxd4 Be4 34. f3 Rxc2 35. Nxc2 Bxf3 36. Ne1 Bd5 37. e4 Bb3 0-1

[Event "SC-2022-0-00416"]
[Site "LSS email"]
[Date "2022.05.12"]
[Round "?"]
[White "Martins, Karin"]
[Black "Hall, Dick"]
[Result "1-0"]
[WhiteElo "1668"]
[BlackElo "1772"]
[PlyCount "95"]
[EventDate "2021.10.30"]
[EventType "tourn (corr)"]
[EventRounds "6"]
[EventCountry "GER"]
[SourceTitle "Corr 2024"]
[Source "ChessBase"]
[SourceDate "2023.10.19"]
[SourceVersion "1"]
[SourceVersionDate "2023.10.19"]
[SourceQuality "1"]

1. e4 d5 2. exd5 Qxd5 3. Nc3 Qd6 4. d4 Nf6 5. Nf3 c6 6. g3 Bf5 7. Bg2 e6 8. 0-0 h6 9. Bf4 Qd8 10. Qe2 Bd6 11. Ne5 0-0 12. Rad1 Qc7 13. Bc1 Nbd7 14. f4 Nd5 15. Ne4 Bxe4 16. Qxe4 N7f6 17. Qe2 c5 18. Nc4 Be7 19. g4 cxd4 20. g5 hxg5 21. fxg5 Ng4 22. Qxg4 Qxc4 23. Rd3 Qxc2 24. Be4 f5 25. gxf6 Rxf6 26. Rdf3 Qc8 27. b3 Qe8 28. Rxf6 Nxf6 29. Qxe6+ Qf7 30. Bh7+ Kf8 31. Qf5 Rd8 32. Bg6 Qd5 33. Qh3 Rd6 34. Rf5 Qe6 35. Qh8+ Qg8 36. Qh4 Rc6 37. Bd2 b6 38. Re5 Nd5 39. Qe4 Rxg6+ 40. Qxg6 Nf6 41. Qf5 Bc5 42. Qc8+ Kf7 43. Qe6+ Kf8 44. Qc8+ Kf7 45. Qc7+ Kf8 46. Bf4 Qf7 47. Qc8+ Ne8 48. Rf5 1-0

[Event "SC-2022-0-00416"]
[Site "LSS email"]
[Date "2022.05.12"]
[Round "?"]
[White "Sofia, Gerardo"]
[Black "Hall, Dick"]
[Result "0-1"]
[WhiteElo "1729"]
[BlackElo "1772"]
[PlyCount "70"]
[EventDate "2021.10.30"]
[EventType "tourn (corr)"]
[EventRounds "6"]
[EventCountry "GER"]
[SourceTitle "Corr 2024"]
[Source "ChessBase"]
[SourceDate "2023.10.19"]
[SourceVersion "1"]
[SourceVersionDate "2023.10.19"]
[SourceQuality "1"]

1. e4 e5 2. Nf3 Nc6 3. Bc4 Bc5 4. c3 Nf6 5. d4 exd4 6. e5 d5 7. Bb5 Ne4 8. cxd4 Bb6 9. Nc3 Bg4 10. Be3 0-0 11. h3 Bh5 12. 0-0 f6 13. Bxc6 bxc6 14. g4 Bg6 15. exf6 Qxf6 16. Ne5 Qh4 17. Nxg6 hxg6 18. Nxe4 dxe4 19. Kg2 Rf3 20. Rh1 Kh7 21. Qc2 Raf8 22. Raf1 Qe7 23. Qxc6 R8f6 24. Qb7 Qe8 25. b3 c6 26. Qa6 c5 27. dxc5 Bxc5 28. Qxf6 gxf6 29. Bxc5 f5 30. Rc1 Qe5 31. Rhd1 Rd3 32. Bxa7 f4 33. h4 Qe6 34. Rxd3 exd3 35. Kf3 d2 0-1

[Event "OP-2022-0-05283"]
[Site "LSS email"]
[Date "2022.05.02"]
[Round "?"]
[White "Hall, Dick"]
[Black "Molina, Vicente Andres"]
[Result "1-0"]
[WhiteElo "1749"]
[BlackElo "1021"]
[PlyCount "27"]
[EventDate "2022.04.22"]
[EventType "tourn (corr)"]
[EventRounds "4"]
[EventCountry "GER"]
[SourceTitle "Corr 2024"]
[Source "ChessBase"]
[SourceDate "2023.10.19"]
[SourceVersion "1"]
[SourceVersionDate "2023.10.19"]
[SourceQuality "1"]

1. e4 c6 2. d4 d5 3. e5 Bf5 4. Nf3 e6 5. Be2 Nd7 6. 0-0 h6 7. c3 Ne7 8. Nbd2 c5 9. dxc5 Nxc5 10. Nd4 Bh7 11. N2b3 Nxb3 12. Bb5+ Nc6 13. Nxc6 Qd7 14. Nd4 1-0

[Event "OP-2022-0-05283"]
[Site "LSS email"]
[Date "2022.05.01"]
[Round "?"]
[White "Obukhov, Gennady"]
[Black "Hall, Dick"]
[Result "0-1"]
[WhiteElo "1923"]
[BlackElo "1749"]
[PlyCount "38"]
[EventDate "2022.04.22"]
[EventType "tourn (corr)"]
[EventRounds "4"]
[EventCountry "GER"]
[SourceTitle "Corr 2024"]
[Source "ChessBase"]
[SourceDate "2023.10.19"]
[SourceVersion "1"]
[SourceVersionDate "2023.10.19"]
[SourceQuality "1"]

1. d4 Nf6 2. Bg5 d5 3. e3 c5 4. c3 e6 5. Nd2 Nbd7 6. Ngf3 Bd6 7. e4 cxd4 8. Nxd4 h6 9. Bh4 g5 10. Bg3 Bxg3 11. hxg3 dxe4 12. Qc2 Nc5 13. b4 e5 14. bxc5 exd4 15. Qa4+ Kf8 16. Qxd4 Be6 17. Bc4 Qe7 18. Bxe6 Qxe6 19. Nxe4 Qxe4+ 0-1

[Event "ZI-2022-0-02715"]
[Site "LSS email"]
[Date "2022.02.25"]
[Round "?"]
[White "Verschueren, Frederic"]
[Black "Hall, Dick"]
[Result "0-1"]
[WhiteElo "1794"]
[BlackElo "1743"]
[PlyCount "46"]
[EventDate "2022.01.21"]
[EventType "match (corr)"]
[EventRounds "2"]
[EventCountry "GER"]
[SourceTitle "Corr 2024"]
[Source "ChessBase"]
[SourceDate "2023.10.19"]
[SourceVersion "1"]
[SourceVersionDate "2023.10.19"]
[SourceQuality "1"]

1. d4 d5 2. c4 c6 3. Nc3 Nf6 4. Nf3 e6 5. Bg5 h6 6. Bh4 dxc4 7. e4 g5 8. Bg3 b5 9. Be2 Bb7 10. h4 g4 11. Ne5 Nbd7 12. Bxg4 Rg8 13. Nxd7 Qxd7 14. Bf3 0-0-0 15. a4 a6 16. Be5 Qe7 17. Qe2 Nd7 18. Bg3 b4 19. Nd1 e5 20. Ne3 exd4 21. Nxc4 Qe6 22. Rc1 f6 23. Na5 Ne5 0-1

[Event "OP-2022-0-05258"]
[Site "LSS email"]
[Date "2022.02.18"]
[Round "?"]
[White "Swiatek, Janusz"]
[Black "Hall, Dick"]
[Result "1/2-1/2"]
[WhiteElo "1861"]
[BlackElo "1756"]
[PlyCount "77"]
[EventDate "2022.02.17"]
[EventType "tourn (corr)"]
[EventRounds "4"]
[EventCountry "GER"]
[SourceTitle "Corr 2024"]
[Source "ChessBase"]
[SourceDate "2023.10.19"]
[SourceVersion "1"]
[SourceVersionDate "2023.10.19"]
[SourceQuality "1"]

1. e4 e5 2. Nf3 Nc6 3. Bb5 a6 4. Ba4 Nf6 5. 0-0 Be7 6. Re1 b5 7. Bb3 d6 8. c3 0-0 9. h3 Bb7 10. d4 Re8 11. Ng5 Rf8 12. Nf3 Re8 13. Nbd2 Bf8 14. a4 h6 15. Bc2 exd4 16. cxd4 Nb4 17. Bb1 c5 18. d5 Nd7 19. Ra3 c4 20. Ree3 Nc5 21. axb5 axb5 22. b3 c3 23. Rxc3 f5 24. Rxa8 Qxa8 25. Nh4 Qa1 26. Rg3 f4 27. Rg6 Bc8 28. Kh2 Ncd3 29. Qe2 Qe5 30. Qd1 Qa1 31. Qe2 Qe5 32. Nhf3 Qxd5 33. Ba3 Qh5 34. Bxd3 Nxd3 35. Rxh6 Qxh6 36. Qxd3 Ba6 37. Bb4 Qg6 38. Kg1 Bb7 39. Qxb5 1/2-1/2

[Event "SC-2021-0-00410"]
[Site "LSS email"]
[Date "2021.09.08"]
[Round "?"]
[White "Hall, Dick"]
[Black "De Paz Gonzalez, Yasset"]
[Result "1/2-1/2"]
[WhiteElo "1766"]
[BlackElo "1632"]
[PlyCount "44"]
[EventDate "2021.05.21"]
[EventType "tourn (corr)"]
[EventRounds "6"]
[EventCountry "GER"]
[SourceTitle "Corr 2024"]
[Source "ChessBase"]
[SourceDate "2023.10.19"]
[SourceVersion "1"]
[SourceVersionDate "2023.10.19"]
[SourceQuality "1"]

1. e4 c5 2. Nf3 d6 3. d4 cxd4 4. Nxd4 Nf6 5. Nc3 a6 6. Be3 e5 7. Nb3 Be6 8. f3 h5 9. Qd2 Nbd7 10. Nd5 Nxd5 11. exd5 Bf5 12. Na5 Be7 13. Be2 Bh4+ 14. g3 Be7 15. a4 0-0 16. Nxb7 Qb8 17. Na5 Qxb2 18. 0-0 Qxc2 19. Qxc2 Bxc2 20. Rfc1 Bf5 21. Nc6 Bf6 22. g4 hxg4 1/2-1/2

[Event "OP-2021-0-05182"]
[Site "LSS email"]
[Date "2021.09.06"]
[Round "?"]
[White "Hall, Dick"]
[Black "Sampaio Vianna Braga, Carlos Fernando"]
[Result "1-0"]
[WhiteElo "1766"]
[BlackElo "1544"]
[PlyCount "123"]
[EventDate "2021.08.29"]
[EventType "tourn (corr)"]
[EventRounds "4"]
[EventCountry "GER"]
[SourceTitle "Corr 2024"]
[Source "ChessBase"]
[SourceDate "2023.10.19"]
[SourceVersion "1"]
[SourceVersionDate "2023.10.19"]
[SourceQuality "1"]

1. e4 e5 2. Nf3 Nc6 3. Bb5 a6 4. Ba4 b5 5. Bb3 Na5 6. 0-0 d6 7. d4 exd4 8. Nxd4 Bb7 9. Bd2 Nxb3 10. Nxb3 Nf6 11. Na5 Rb8 12. Nxb7 Rxb7 13. Qf3 c6 14. Nc3 Be7 15. e5 dxe5 16. Qxc6+ Qd7 17. Qxa6 b4 18. Qa8+ Bd8 19. Nd1 0-0 20. Qa6 Bb6 21. Bxb4 Bxf2+ 22. Nxf2 Rxb4 23. b3 Re8 24. Rad1 Qc7 25. Qd6 Qa5 26. Qd2 Qa3 27. c4 Rb7 28. Rfe1 e4 29. Re2 Rbe7 30. Qc1 Qa5 31. Qe3 Re6 32. h3 h6 33. Nh1 h5 34. Ng3 h4 35. Nf1 g6 36. Qf4 g5 37. Qe3 Re5 38. Qd2 Nh5 39. Qxa5 Rxa5 40. Rc2 Nf4 41. Ne3 Rc8 42. b4 Ra3 43. Nf5 Rca8 44. b5 e3 45. c5 e2 46. Re1 Rd3 47. Kh2 Re8 48. c6 Rd1 49. Rcxe2 Rxe1 50. Rxe1 Rxe1 51. c7 Re8 52. Nd6 Rf8 53. c8Q Rxc8 54. Nxc8 Ne6 55. a4 Kf8 56. b6 Nc5 57. a5 f5 58. Nd6 Ke7 59. Nxf5+ Kd7 60. g3 Kc6 61. gxh4 gxh4 62. Nxh4 1-0